On This Day (January 6th) Multiple Choice - Statistics

General Stats
  • This quiz has been taken 33 times
    18 since last reset
  • The average score is 5 of 16
Answer Stats
Question Answer % Correct
2021 - Supporters of Donald Trump attack which building? Capitol Building
89%
1947 – Which company becomes the first commercial airline to offer a round-the-world ticket.? Pan American Airlines
67%
1912 – Which state is admitted to the Union as the 47th U.S. state ? New Mexico
56%
1975 - "Wheel Of Fortune" debuts on which TV network ? NBC
44%
1930 – The first automobile trip powered by what is completed, from Indianapolis, Indiana, to New York, New York ? Diesel
33%
2000 - The last known living example of what animal is found dead after being crushed by a tree ? Pyrenean Ibex
33%
1993 – Dizzy Gillespie, American singer-songwriter dies on this day, he was most famous for playing which instrument ? Trumpet
33%
1540 – King Henry VIII of England marries which of his 6 wives ? Anne of Cleves
22%
1839 – The Night of the Big Wind, the most damaging storm in 300 years, sweeps across Ireland, damaging or destroying more than 20% of the houses in which Irish city ? Dublin
22%
1936 - Barbara Hanley became Canada's 1st female what ? Mayor
22%
1960 – National Airlines Flight 2511 is destroyed in mid-air by a bomb, while en route from New York City to where ? Miami
22%
2019 - Record $3.1 million price was paid for which product at Tokyo's Toyosu fish market ? Giant Bluefin Tuna
11%
1978 – The Crown of St. Stephen (also known as the Holy Crown of Hungary) is returned to Hungary from which country, where it was held after World War II ? USA
11%
2005 – A train collision in Graniteville, South Carolina, United States, releases about 60 tons of what ? Chlorine Gas
0%
1925 – John DeLorean, American engineer and businessman, founder of the DeLorean Motor Company, is born in which city ? Detroit, USA
0%
1907 – Maria Montessori opens her first school and daycare center for working class children in which Italian city ? Rome
0%
No matching quizzes found
Score Distribution
Percent of People with Each Score
Percentile by Number Answered
Your Score History
You have not taken this quiz since the last reset